Topkapı Sarayı : (Record no. 63093)
[ view plain ]
| 000 -LEADER | |
|---|---|
| fixed length control field | 00936 a2200289 4500 |
| 001 - CONTROL NUMBER | |
| control field | 63093 |
| 003 - CONTROL NUMBER IDENTIFIER | |
| control field | TR-AnTOB |
| 005 - DATE AND TIME OF LATEST TRANSACTION | |
| control field | 20240917100433.0 |
| 008 - FIXED-LENGTH DATA ELEMENTS--GENERAL INFORMATION | |
| fixed length control field | 070806s2006 tu 00100 tur |
| 020 ## - INTERNATIONAL STANDARD BOOK NUMBER | |
| International Standard Book Number | 9750811550 |
| 040 ## - CATALOGING SOURCE | |
| Original cataloging agency | METU |
| 041 ## - LANGUAGE CODE | |
| Language code of text/sound track or separate title | Türkçe |
| 050 ## - LIBRARY OF CONGRESS CALL NUMBER | |
| Classification number | NA1370 |
| Item number | .N43 2006 |
| 090 ## - LOCALLY ASSIGNED LC-TYPE CALL NUMBER (OCLC); LOCAL CALL NUMBER (RLIN) | |
| Classification number (OCLC) (R) ; Classification number, CALL (RLIN) (NR) | NA1370 .N43 2006 |
| 100 ## - MAIN ENTRY--PERSONAL NAME | |
| Personal name | Necipoğlu, Gülru |
| 9 (RLIN) | 106538 |
| 245 #0 - TITLE STATEMENT | |
| Title | Topkapı Sarayı : |
| Remainder of title | 15. ve 16. yüzyılda mimari ,tören ve iktidar / |
| Statement of responsibility, etc. | Gülru Necipoğlu ; çeviren :Ruşen Sezer. |
| 264 #1 - PRODUCTION, PUBLICATION, DISTRIBUTION, MANUFACTURE, AND COPYRIGHT NOTICE | |
| Place of production, publication, distribution, manufacture | İstanbul : |
| Name of producer, publisher, distributor, manufacturer | YKY, |
| Date of production, publication, distribution, manufacture, or copyright notice | c1991, 2006. |
| 300 ## - PHYSICAL DESCRIPTION | |
| Extent | vi, 336 p. : |
| Other physical details | ill., maps ; |
| Dimensions | 27 cm. |
| 610 #2 - SUBJECT ADDED ENTRY--CORPORATE NAME | |
| Corporate name or jurisdiction name as entry element | Topkapı Palace (İstanbul, Turkey) |
| 9 (RLIN) | 8178 |
| 650 ## - SUBJECT ADDED ENTRY--TOPICAL TERM | |
| Topical term or geographic name entry element | Architecture, Ottoman |
| Geographic subdivision | Turkey |
| -- | Istanbul |
| 9 (RLIN) | 20395 |
| 651 ## - SUBJECT ADDED ENTRY--GEOGRAPHIC NAME | |
| Geographic name | Turkey |
| General subdivision | Court and courtiers |
| -- | Social life and customs |
| 9 (RLIN) | 34697 |
| Geographic name | İstanbul (Turkey) |
| General subdivision | Buildings, structures, etc. |
| 9 (RLIN) | 126227 |
| 700 ## - ADDED ENTRY--PERSONAL NAME | |
| Personal name | Sezer, Ruşen |
| 9 (RLIN) | 33498 |
| 901 ## - LOCAL DATA ELEMENT A, LDA (RLIN) | |
| a | 0020349 |
| 902 ## - LOCAL DATA ELEMENT B, LDB (RLIN) | |
| a | GT |
| 942 ## - ADDED ENTRY ELEMENTS (KOHA) | |
| Koha item type | Book |
| Withdrawn status | Lost status | Source of classification or shelving scheme | Materials specified (bound volume or other part) | Not for loan | Collection code | Home library | Current library | Shelving location | Date acquired | Source of acquisition | Serial Enumeration / chronology | Inventory number | Total Checkouts | Total Holds | Full call number | Barcode | Checked out | Date last seen | Date last checked out | Copy number | Date shelved | Koha item type |
|---|---|---|---|---|---|---|---|---|---|---|---|---|---|---|---|---|---|---|---|---|---|---|
| C.1 | Ödünç Verilebilir / Available | Genel Koleksiyon | Merkez Kütüphane | Merkez Kütüphane | Genel Koleksiyon / Main Collection | 06/12/2007 | Satın Alma / Purchase | 1 | MİM | 2 | NA1370 .N43 2006 | 0020349 | 21/10/2024 | 30/09/2024 | 30/09/2024 | 1 | 21/04/2010 | Book |
